LIBRARY & INFORMATION CENTRE, KCAET, TAVANUR

ONLINE PUBLIC ACCESS CATALOGUE (OPAC)

Introductionto food microbiology (Record no. 14000)

MARC details
000 -LEADER
fixed length control field 00272nam a22001097a 4500
020 ## - INTERNATIONAL STANDARD BOOK NUMBER
ISBN 9788178848105
082 ## - DEWEY DECIMAL CLASSIFICATION NUMBER
Classification number 664.001
Item number DUG/IN
100 ## - MAIN ENTRY--AUTHOR NAME
Personal name Duggal, Kamal
245 ## - TITLE STATEMENT
Title Introductionto food microbiology
260 ## - PUBLICATION, DISTRIBUTION, ETC. (IMPRINT)
Place of publication New Delhi
Name of publisher Cyber Tech Publications
Year of publication 2011
942 ## - ADDED ENTRY ELEMENTS (KOHA)
Koha item type Books
Holdings
Withdrawn status Lost status Damaged status Collection code Home library Current library Shelving location Date acquired Source of acquisition Cost, normal purchase price Full call number Accession Number Koha item type
      Non-fiction KAUAET KAUAET General Stacks 30/03/2013 A & A , Tvpm 850.00 664.001 DUG/IN 23825 Books
free website counter